Library Banner

Yahoodi siyasat mazi se haal tak = یہودی سیاست ماضی سے حال تک / (Record no. 98836)

MARC details
000 -LEADER
fixed length control field 00487nam a22001457a 4500
005 - DATE AND TIME OF LATEST TRANSACTION
control field 20171005112956.0
008 - FIXED-LENGTH DATA ELEMENTS--GENERAL INFORMATION
fixed length control field 171005b xxu||||| |||| 00| 0 eng d
040 ## - CATALOGING SOURCE
Transcribing agency PK-LaUMT
082 ## - DEWEY DECIMAL CLASSIFICATION NUMBER
Classification number 956.94
Item number RAZ-Y
100 ## - MAIN ENTRY--PERSONAL NAME
Personal name Razi uddin Syed = رضی الدین سید
245 ## - TITLE STATEMENT
Title Yahoodi siyasat mazi se haal tak = یہودی سیاست ماضی سے حال تک /
Statement of responsibility, etc Razi uddin Syed = رضی الدین سید
260 ## - PUBLICATION, DISTRIBUTION, ETC. (IMPRINT)
Place of publication, distribution, etc Lahore :
Name of publisher, distributor, etc Shirkat Imtiaz,
Date of publication, distribution, etc NY
300 ## - PHYSICAL DESCRIPTION
Extent 247 p.
942 ## - ADDED ENTRY ELEMENTS (KOHA)
Koha item type Books
Holdings
Withdrawn status Lost status Damaged status Home library Current library Date acquired Full call number Barcode Date last seen Price effective from Koha item type
      UMT Main Campus UMT Main Campus 2017-10-05 956.94 RAZ-Y 113369 2023-11-07 2017-10-05 Books